[Event "BEL-ch U20"]
[Site "Blankenberge"]
[Date "2017.04.12"]
[Round "6"]
[White "Snoeks, Pieter Jan"]
[Black "Beukema, Louise"]
[Result "1-0"]
[WhiteElo "1888"]
[BlackElo "1439"]
[PlyCount "91"]
[EventDate "2017.04.09"]
[EventType "swiss"]
[EventRounds "9"]
[EventCountry "BEL"]
[SourceTitle "CBM 178 Extra"]
[Source "ChessBase"]
[SourceDate "2017.06.22"]
[SourceVersion "1"]
[SourceVersionDate "2017.06.22"]
[SourceQuality "1"]

1. d4 d5 2. c4 e6 3. Nf3 Be7 4. Nc3 Nf6 5. Bf4 b6 6. e3 0-0 7. Rc1 c5 8. dxc5 bxc5 9. Be2 Nc6 10. 0-0 Bb7 11. Qb3 Na5 12. Qc2 Qb6 13. Na4 Qc6 14. Ne5 Qc8 15. cxd5 Bxd5 16. Nxc5 Bxa2 17. b4 Nb3 18. Qxa2 Nxc1 19. Rxc1 a5 20. Bf3 Nd5 21. Bxd5 exd5 22. Qxd5 axb4 23. Nc6 Re8 24. h3 Bxc5 25. Qxc5 Qd7 26. Qxb4 Rac8 27. Ne7+ Qxe7 28. Rxc8 Qxb4 29. Rxe8+ Qf8 30. Rxf8+ Kxf8 31. Bd6+ Ke8 32. f4 f5 33. g4 g6 34. Kf2 Kf7 35. g5 Ke6 36. Ba3 Kd5 37. Kf3 Ke6 38. e4 Kf7 39. e5 Ke6 40. Ke3 Kd5 41. h4 Ke6 42. Kd4 Kf7 43. Kd5 Kg7 44. e6 h6 45. gxh6+ Kxh6 46. e7 1-0

[Event "BEL-ch U18"]
[Site "Blankenberge"]
[Date "2015.04.12"]
[Round "1"]
[White "Marchal, Anais"]
[Black "Snoeks, Pieter Jan"]
[Result "0-1"]
[WhiteElo "1380"]
[BlackElo "1782"]
[PlyCount "112"]
[EventDate "2015.04.12"]
[EventType "swiss"]
[EventRounds "9"]
[EventCountry "BEL"]
[SourceTitle "CBM 166 Extra"]
[Source "ChessBase"]
[SourceDate "2015.06.18"]
[SourceVersion "1"]
[SourceVersionDate "2015.06.18"]
[SourceQuality "1"]

1. e4 e5 2. Nf3 Nc6 3. Nc3 Bc5 4. Bb5 d6 5. d3 Bg4 6. 0-0 Nf6 7. Qe2 0-0 8. Bxc6 bxc6 9. Be3 Bb6 10. Bxb6 cxb6 11. Qe3 Nh5 12. h3 Bxf3 13. Qxf3 Nf4 14. Rad1 Ne6 15. Ne2 Ng5 16. Qf5 g6 17. Qg4 h5 18. Qg3 h4 19. Qe3 f5 20. f4 exf4 21. Nxf4 Qf6 22. exf5 Qxf5 23. c4 Rae8 24. Qd2 Kh7 25. b3 Qe5 26. d4 Qe3+ 27. Qxe3 Rxe3 28. d5 c5 29. Rd2 Ne4 30. Re2 Rxe2 31. Nxe2 Rxf1+ 32. Kxf1 g5 33. Kg1 Kg6 34. Kh2 a6 35. g4 Kf6 36. Kg2 Ke5 37. Kf3 b5 38. a3 bxc4 39. bxc4 Nd2+ 40. Ke3 Nxc4+ 41. Kd3 Nxa3 42. Nc1 Kxd5 43. Nb3 c4+ 44. Kc3 Nb5+ 45. Kb4 cxb3 46. Kxb3 Ke4 47. Kb4 d5 48. Kc5 d4 49. Kb6 d3 50. Kxa6 d2 51. Kxb5 d1Q 52. Kb4 Qc2 53. Ka5 Qb3 54. Ka6 Kd5 55. Ka5 Kc6 56. Ka6 Qb6# 0-1

[Event "BEL-ch U18"]
[Site "Blankenberge"]
[Date "2014.04.18"]
[Round "8"]
[White "Wertz, Clara"]
[Black "Snoeks, Pieter Jan"]
[Result "0-1"]
[WhiteElo "1656"]
[BlackElo "1843"]
[PlyCount "112"]
[EventDate "2014.04.??"]
[EventType "swiss"]
[EventRounds "9"]
[EventCountry "BEL"]
[SourceTitle "EXT 2015"]
[Source "ChessBase"]
[SourceDate "2014.11.20"]
[SourceVersion "1"]
[SourceVersionDate "2014.11.20"]
[SourceQuality "1"]

1. d4 Nf6 2. Nf3 g6 3. e3 Bg7 4. Bd3 d6 5. b3 Nbd7 6. Bb2 c5 7. dxc5 Nxc5 8. Be2 0-0 9. 0-0 Bf5 10. Nd4 Be4 11. f3 Bc6 12. Nxc6 bxc6 13. e4 Qb6 14. Kh1 Rad8 15. Nd2 d5 16. exd5 cxd5 17. Rb1 Nh5 18. f4 Nf6 19. Bf3 Nfe4 20. Bxe4 dxe4 21. Qe2 Bxb2 22. Rxb2 f5 23. Nc4 Qb4 24. Rbb1 Ne6 25. Rbc1 Qc3 26. Qe1 Qxe1 27. Rcxe1 Rd5 28. g3 Rfd8 29. Kg2 Nd4 30. Ne3 Rc5 31. c4 Nf3 32. Rd1 Rcc8 33. Rxd8+ Rxd8 34. Rd1 Rxd1 35. Nxd1 Kf7 36. Nc3 Ke6 37. b4 Ne1+ 38. Kf1 Nc2 39. Nd5 Kd6 40. a4 e6 41. Nf6 Nxb4 42. Nxh7 e5 43. Nf8 exf4 44. gxf4 Kc5 45. Nxg6 Kxc4 46. h4 Nd5 47. h5 Kd3 48. h6 Nf6 49. Nf8 Kd2 50. h7 Nxh7 51. Nxh7 e3 52. Ng5 e2+ 53. Kg2 e1Q 54. Nf3+ Ke2 55. Nxe1 Kxe1 56. Kf3 Kd2 0-1

[Event "BEL-ch U18"]
[Site "Blankenberge"]
[Date "2014.04.14"]
[Round "3"]
[White "Van de Vaerd, Miguel"]
[Black "Snoeks, Pieter Jan"]
[Result "1/2-1/2"]
[WhiteElo "1876"]
[BlackElo "1843"]
[PlyCount "84"]
[EventDate "2014.04.??"]
[EventType "swiss"]
[EventRounds "9"]
[EventCountry "BEL"]
[SourceTitle "EXT 2015"]
[Source "ChessBase"]
[SourceDate "2014.11.20"]
[SourceVersion "1"]
[SourceVersionDate "2014.11.20"]
[SourceQuality "1"]

1. e4 d5 2. exd5 Nf6 3. Nf3 Nxd5 4. d4 g6 5. c4 Nb6 6. Be2 Bg7 7. 0-0 Bg4 8. Nc3 Bxf3 9. Bxf3 c6 10. c5 Nc4 11. Qb3 Na5 12. Qa4 0-0 13. Be3 b5 14. Qc2 a6 15. b3 Qc7 16. Rac1 Nd7 17. Rfd1 Rad8 18. h4 f5 19. g3 e5 20. dxe5 Bxe5 21. Ne2 Nf6 22. Nf4 Qe7 23. Rxd8 Rxd8 24. Rd1 Kf7 25. Rxd8 Qxd8 26. Qd3 Qxd3 27. Nxd3 Bc7 28. Nb4 Ke6 29. Nxa6 Kd7 30. Nxc7 Kxc7 31. Bf4+ Kd7 32. Be5 Nd5 33. h5 Ke6 34. hxg6 hxg6 35. Bd4 Nb7 36. a4 b4 37. Kf1 Na5 38. Bd1 Nc7 39. Ke2 g5 40. Kd3 g4 41. Bc2 Kd5 42. Ke3 Ne6 1/2-1/2

[Event "BEL-ch U18"]
[Site "Blankenberge"]
[Date "2014.04.13"]
[Round "1"]
[White "Snoeks, Pieter Jan"]
[Black "Vanlommel, Maxim"]
[Result "1-0"]
[WhiteElo "1843"]
[BlackElo "1573"]
[PlyCount "73"]
[EventDate "2014.04.??"]
[EventType "swiss"]
[EventRounds "9"]
[EventCountry "BEL"]
[SourceTitle "EXT 2015"]
[Source "ChessBase"]
[SourceDate "2014.11.20"]
[SourceVersion "1"]
[SourceVersionDate "2014.11.20"]
[SourceQuality "1"]

1. d4 Nf6 2. c4 c5 3. dxc5 Qa5+ 4. Bd2 Qxc5 5. e3 g6 6. b4 Qc7 7. Bc3 Bg7 8. Nf3 0-0 9. Nbd2 d6 10. Bd3 b6 11. Rc1 Nbd7 12. 0-0 Ng4 13. Be4 Bb7 14. Bxg7 Kxg7 15. Nd4 h5 16. h3 Ngf6 17. Bb1 Ne5 18. f4 Nc6 19. f5 Qd7 20. fxg6 fxg6 21. Qc2 Ne5 22. N4f3 Nxf3+ 23. Rxf3 Bxf3 24. Qxg6+ Kh8 25. Nxf3 e6 26. Ng5 Qg7 27. Qxg7+ Kxg7 28. Nxe6+ Kf7 29. Nxf8 Rxf8 30. Kf2 Rg8 31. Bf5 Ke7 32. c5 dxc5 33. bxc5 bxc5 34. Rxc5 Rg5 35. Kf3 Nd7 36. Ra5 Kf6 37. g4 1-0

[Event "Brasschaat op 13th"]
[Site "Brasschaat"]
[Date "2013.08.22"]
[Round "6"]
[White "Dardha, Arben"]
[Black "Snoeks, Pieter Jan"]
[Result "1-0"]
[WhiteElo "2272"]
[BlackElo "1822"]
[PlyCount "39"]
[EventDate "2013.08.17"]
[EventType "swiss"]
[EventRounds "9"]
[EventCountry "BEL"]
[SourceTitle "CBM 156 Extra"]
[Source "ChessBase"]
[SourceDate "2013.10.22"]
[SourceVersion "1"]
[SourceVersionDate "2013.10.22"]
[SourceQuality "1"]

1. e4 d5 2. exd5 Nf6 3. Bb5+ Nbd7 4. c4 g6 5. Nf3 Bg7 6. 0-0 0-0 7. Bxd7 Bxd7 8. Nc3 c6 9. dxc6 Bxc6 10. Ne5 Qc7 11. d4 Rad8 12. Be3 Ne4 13. Nxc6 Nxc3 14. Nxe7+ Qxe7 15. bxc3 Qe6 16. Qa4 a6 17. Rab1 Rd7 18. c5 Re8 19. Rb6 Qf5 20. Rxb7 1-0

[Event "Maastricht Limburg op-B 7th"]
[Site "Maastricht"]
[Date "2013.05.18"]
[Round "2"]
[White "Freer, Robert"]
[Black "Snoeks, Pieter Jan"]
[Result "0-1"]
[WhiteElo "1870"]
[BlackElo "1823"]
[PlyCount "116"]
[EventDate "2013.05.17"]
[EventType "swiss"]
[EventRounds "7"]
[EventCountry "NED"]
[SourceTitle "EXT 2014"]
[Source "ChessBase"]
[SourceDate "2013.11.20"]
[SourceVersion "1"]
[SourceVersionDate "2013.11.20"]
[SourceQuality "1"]

1. e4 d5 2. exd5 Nf6 3. Nf3 Nxd5 4. d4 Bf5 5. Bd3 Bg6 6. a3 e6 7. c4 Nb6 8. Bxg6 hxg6 9. Qb3 c5 10. dxc5 Bxc5 11. Bf4 Nc6 12. Nbd2 0-0 13. 0-0 e5 14. Be3 Bxe3 15. Qxe3 Re8 16. Rfd1 Qc7 17. Ng5 Nd4 18. Qh3 Nf5 19. Qh7+ Kf8 20. g4 Nh6 21. Qh8+ Ke7 22. Qxg7 Rh8 23. Re1 Nd7 24. f4 Rag8 25. Rxe5+ Nxe5 26. Qxe5+ Qxe5 27. fxe5 Nxg4 28. Ndf3 Rc8 29. b3 Rhd8 30. h3 Ne3 31. Kf2 Nf5 32. Rb1 Rd3 33. Ne1 Rd2+ 34. Kf3 Rcd8 35. Ne4 Nd4+ 36. Kf4 Re2 37. Nc3 Ne6+ 38. Kf3 Rxe5 39. Nd5+ Kf8 40. Nd3 Rf5+ 41. Kg3 Kg7 42. a4 Rg5+ 43. Kf3 Rh8 44. Nf2 Rf5+ 45. Kg3 Nd4 46. b4 Ne2+ 47. Kg2 Rg5+ 48. Kf3 Ng1+ 49. Kf4 Rg2 50. Rf1 Rxf2+ 51. Rxf2 Nxh3+ 52. Kg3 Nxf2 53. Kxf2 Rh4 54. Ne3 f5 55. Kf3 Kf6 56. a5 Ke5 57. b5 Rh3+ 58. Ke2 Kd4 0-1

[Event "BEL-ch U16"]
[Site "Bruges"]
[Date "2012.04.11"]
[Round "5"]
[White "De Vleeschauwer, Maarten"]
[Black "Snoeks, Pieter Jan"]
[Result "1-0"]
[WhiteElo "2091"]
[BlackElo "1648"]
[PlyCount "83"]
[EventDate "2012.04.08"]
[EventType "swiss"]
[EventRounds "9"]
[EventCountry "BEL"]
[SourceTitle "CBM 147 Extra"]
[Source "ChessBase"]
[SourceDate "2012.04.24"]
[SourceVersion "1"]
[SourceVersionDate "2012.04.24"]
[SourceQuality "1"]

1. e4 e5 2. Nf3 Nc6 3. Bc4 Bc5 4. c3 Nf6 5. d3 0-0 6. Bb3 d5 7. Qe2 Bg4 8. h3 Bh5 9. Bg5 d4 10. Nbd2 h6 11. Bh4 Be7 12. g4 Bg6 13. Bg3 Nd7 14. h4 Nc5 15. Bd5 Bf6 16. g5 hxg5 17. hxg5 dxc3 18. bxc3 Bxg5 19. Nxg5 Qxg5 20. Bh4 Qh5 21. Nf3 Rfd8 22. 0-0-0 Rd7 23. Bg5 Qg4 24. Rdg1 Nxd3+ 25. Qxd3 Rxd5 26. exd5 Qxg1+ 27. Rxg1 Bxd3 28. dxc6 bxc6 29. Nxe5 Be4 30. Re1 Bd5 31. c4 Be6 32. Nxc6 Bxc4 33. Ne7+ Kf8 34. Rh1 f6 35. Rh8+ Kxe7 36. Rxa8 fxg5 37. Rxa7 Kd6 38. Kd2 g6 39. Kc3 Be6 40. a4 Bf5 41. Ra8 Kc6 42. Rb8 1-0

[Event "Maastricht Limburg op-C 4th"]
[Site "Maastricht"]
[Date "2010.05.22"]
[Round "3"]
[White "Kunowski, Marco"]
[Black "Snoeks, Pieter Jan"]
[Result "0-1"]
[WhiteElo "1290"]
[BlackElo "1388"]
[PlyCount "74"]
[EventDate "2010.05.21"]
[EventType "swiss"]
[EventRounds "7"]
[EventCountry "NED"]
[SourceTitle "EXT 2011"]
[Source "ChessBase"]
[SourceDate "2010.11.26"]
[SourceVersion "1"]
[SourceVersionDate "2010.11.26"]
[SourceQuality "1"]

1. d4 Nf6 2. e3 e6 3. a3 d5 4. Nf3 Bd7 5. Be2 c5 6. c3 Nc6 7. Nbd2 Be7 8. 0-0 0-0 9. c4 cxd4 10. Nxd4 Nxd4 11. exd4 Qb6 12. Nf3 dxc4 13. Bxc4 Rac8 14. Ne5 Bd6 15. Be2 Bb5 16. Be3 Nd5 17. a4 Bxe2 18. Qxe2 Nxe3 19. Qxe3 Bxe5 20. dxe5 Qxe3 21. fxe3 Rc5 22. Rfc1 Rfc8 23. Rxc5 Rxc5 24. Rd1 g6 25. Rd7 Rc1+ 26. Kf2 Rc2+ 27. Kf3 Rxb2 28. g4 a6 29. h4 b5 30. axb5 axb5 31. Kf4 Kg7 32. Rb7 b4 33. g5 b3 34. Ke4 Rb1 35. Kf4 b2 36. Kg4 Rg1+ 37. Kf4 b1Q 0-1

[Event "Maastricht Limburg op-C 4th"]
[Site "Maastricht"]
[Date "2010.05.21"]
[Round "1"]
[White "Heinemans, Nol"]
[Black "Snoeks, Pieter Jan"]
[Result "1-0"]
[WhiteElo "1680"]
[BlackElo "1388"]
[PlyCount "87"]
[EventDate "2010.05.21"]
[EventType "swiss"]
[EventRounds "7"]
[EventCountry "NED"]
[SourceTitle "EXT 2011"]
[Source "ChessBase"]
[SourceDate "2010.11.26"]
[SourceVersion "1"]
[SourceVersionDate "2010.11.26"]
[SourceQuality "1"]

1. e4 c5 2. Nf3 Nc6 3. Nc3 e6 4. d4 cxd4 5. Nxd4 Bc5 6. Be3 Qb6 7. Ncb5 a6 8. Nxc6 Qxc6 9. Bxc5 Qxc5 10. Qd6 Qxd6 11. Nxd6+ Ke7 12. 0-0-0 Nf6 13. f3 b5 14. Kb1 Rb8 15. Rd4 e5 16. Rd2 g6 17. g3 Rb6 18. Nxc8+ Rxc8 19. Bh3 Rc7 20. Rhd1 d6 21. Bf1 b4 22. b3 a5 23. Kb2 Ra7 24. Bc4 Nd7 25. h4 a4 26. f4 Nc5 27. fxe5 Nxe4 28. exd6+ Nxd6 29. Re1+ Kf8 30. Rd4 Nxc4+ 31. Rxc4 axb3 32. axb3 Rba6 33. Rxb4 Ra2+ 34. Kc3 Rc7+ 35. Rc4 Rxc4+ 36. bxc4 Ra3+ 37. Kb4 Rxg3 38. c5 Rg4+ 39. c4 Rd4 40. c6 Rd8 41. Kc5 Re8 42. Rxe8+ Kxe8 43. Kb6 Kd8 44. Kb7 1-0